| 000 | 00746nam a2200217 a 4500 | ||
|---|---|---|---|
| 001 | 000037767 | ||
| 005 | 20240530073936.0 | ||
| 008 | 130305s2012 dr 001 e spa d | ||
| 020 | _a9789945472097 | ||
| 040 |
_aDO-SdBNP _bspa _cBNPHU |
||
| 082 |
_aRD864.44 _bV443e |
||
| 100 | 1 |
_aVeloz Maggiolo, Marcio, _d1936-2021 _91104 |
|
| 245 | 1 | 0 |
_aEn nombre del recuerdo : _bensayos / _cMarcio Veloz Maggiolo. |
| 260 |
_aSanto Domingo : _bInstituto Tecnológico de Santo Domingo, _c2012. |
||
| 300 |
_a367 p. ; _c22 cm. |
||
| 500 | _aIncluye datos biográficos del autor en la solapa de la contracubierta. | ||
| 650 | 0 |
_aEnsayos dominicanos _965 |
|
| 650 | 0 |
_aLiteratura dominicana. _967 |
|
| 910 | _aValidado. Control de calidad EMS | ||
| 049 | _aBNPD | ||
| 999 |
_c37257 _d37257 |
||